<?xml version="1.0" encoding="UTF-8"?><OAI-PMH xmlns="http://www.openarchives.org/OAI/2.0/" xmlns:xsi="http://www.w3.org/2001/XMLSchema-instance"     xsi:schemaLocation="http://www.openarchives.org/OAI/2.0/ http://www.openarchives.org/OAI/2.0/OAI-PMH.xsd"><responseDate>2026-05-16T23:19:45Z</responseDate><request verb="GetRecord" identifier="oai:regmurcia.com:fintegr.1630" metadataPrefix="marc21">http://oai.regmurcia.com/oai2/oai2.php</request><GetRecord><record><header><identifier>oai:regmurcia.com:fintegr.1630</identifier><datestamp>2026-05-17</datestamp><setSpec>documentos</setSpec></header><metadata><record  xmlns="http://www.loc.gov/MARC21/slim" xmlns:xsi="http://www.w3.org/2001/XMLSchema-instance" xsi:schemaLocation="http://www.loc.gov/MARC21/slim http://www.loc.gov/standards/marcxml/schema/MARC21slim.xsd" type="Bibliographic"><leader>00000nam a2200000   4500</leader><controlfield tag="001" >005075477</controlfield><controlfield tag="003" >1630</controlfield><controlfield tag="004" >A00000000</controlfield><datafield tag="245" ind1=" " ind2=" "><subfield code="a">Carta del concejo de Murcia al [ bachiller Antón Martínez, procurador de la ciudad] pidiéndole que gestione la suplicación hecha a los reyes para cubrir la alcadía vacante e informándole de la carta  de los reyes que presentó Alvaro de Arróniz para que l</subfield></datafield><datafield tag="300" ind1=" " ind2=" "><subfield code="c">308 x 215 mm.</subfield></datafield><datafield tag="300" ind1=" " ind2=" "><subfield code="a">2 fol</subfield></datafield><datafield tag="351" ind1=" " ind2=" "><subfield code="a">Unidad Documental</subfield><subfield code="c">Archivo de Murcia. Array</subfield><subfield code="a">Unidad Documental</subfield><subfield code="c">Archivo de Murcia. Array</subfield></datafield><datafield tag="351" ind1=" " ind2=" "><subfield code="b">Nº 7/ II</subfield></datafield><datafield tag="506" ind1=" " ind2=" "><subfield code="a">Acceso restringido</subfield></datafield><datafield tag="510" ind1=" " ind2=" "><subfield code="a">Relacionado con el doc. AMMU, leg. 4280, Nº 8</subfield></datafield><datafield tag="520" ind1=" " ind2=" "><subfield code="a">El concejo pide a su procurador que gestione la petición hecha a los reyes para poder elegir otro alcalde por el tiempo que restaba de  mandato, al haber renunciado al cargo Juan Ortega de Avilés, regidor por renuncia en él de Sancho de Arróniz. Informa que Alvaro de Arróniz ha presentado una carta de los reyes donde se ordena que se le entreguen o guarden sus bienes y oficios.</subfield></datafield><datafield tag="583" ind1=" " ind2=" "><subfield code="u">http://www.regmurcia.com/servlet/s.Sl?METHOD=VERDOCUMENTO&amp;sit=serv,Carmesi&amp;n=/01/1358/indice.djvu</subfield></datafield><datafield tag="592" ind1=" " ind2=" "><subfield code="a">1476-03-04</subfield></datafield><datafield tag="592" ind1=" " ind2=" "><subfield code="d">1476-03-04 00:00:00</subfield></datafield><datafield tag="651" ind1=" " ind2=" "><subfield code="a">Murcia</subfield></datafield><datafield tag="786" ind1=" " ind2=" "><subfield code="o">http://www.regmurcia.com/servlet/s.Sl?METHOD=VERDOCUMENTO&amp;sit=serv,Carmesi&amp;n=/01/1358/indice.djvu</subfield></datafield><datafield tag="856" ind1=" " ind2=" "><subfield code="u">http://www.regmurcia.com/servlet/s.Sl?METHOD=DETALLE&amp;sit=c,373,m,139,serv,Carmesi&amp;id=1630</subfield></datafield></record></metadata></record></GetRecord></OAI-PMH>
